Sexuality, a (secondary) right? Intersections on sexuality, education and punishment

Este artigo faz parte da pesquisa sobre sexualidade e juventude realizada de março 2015 a outubro de 2016, em três unidades de internação do Departamento Geral de Ações Socioeducativas do Rio de Janeiro, sendo duas unidades masculinas e a única unidade feminina do estado. A partir da perspectiva met...

Ausführliche Beschreibung

Gespeichert in:  
Bibliographische Detailangaben
VerfasserInnen: D'Angelo, Luisa Bertrami (Verfasst von) ; Hernández, Jimena de Garay (Verfasst von)
Medienart: Elektronisch Buch
Sprache:Portugiesisch
Veröffentlicht: 2017
In:Jahr: 2017
Online-Zugang: Volltext (kostenfrei)
Verfügbarkeit prüfen: HBZ Gateway

MARC

LEADER 00000cam a22000002c 4500
001 1866920626
003 DE-627
005 20250115054924.0
007 cr uuu---uuuuu
008 231021s2017 xx |||||o 00| ||por c
035 |a (DE-627)1866920626 
035 |a (DE-599)KXP1866920626 
040 |a DE-627  |b ger  |c DE-627  |e rda 
041 |a por 
084 |a 2,1  |2 ssgn 
100 1 |a D'Angelo, Luisa Bertrami  |e VerfasserIn  |4 aut 
245 1 0 |a Sexuality, a (secondary) right? Intersections on sexuality, education and punishment 
264 1 |c 2017 
336 |a Text  |b txt  |2 rdacontent 
337 |a Computermedien  |b c  |2 rdamedia 
338 |a Online-Ressource  |b cr  |2 rdacarrier 
520 |a Este artigo faz parte da pesquisa sobre sexualidade e juventude realizada de março 2015 a outubro de 2016, em três unidades de internação do Departamento Geral de Ações Socioeducativas do Rio de Janeiro, sendo duas unidades masculinas e a única unidade feminina do estado. A partir da perspectiva metodológica da cartografia, acompanhamos durante esses anos diversos processos nas unidades, entrevistando jovens e profissionais de diferentes segmentos. Apresentamos aqui reflexões sobre os debates que suscitamos no campo a respeito da sexualidade na socioeducação, procurando englobar as experiências e percepções dos/as jovens, dos/as agentes socioeducativos/as, do corpo de profissionais técnicos/as, do quadro docente e da direção, articulando os dispositivos de gênero, classe social, geração e raça para pensar nas produções de tecnologias e mecanismos de controle e na lógica punitiva que parece reger o cotidiano institucional. Pensando, assim, nas tensões que movimentam (ou cristalizam) os debates sobre sexualidade nestes contextos, propomos algumas reflexões a respeito de como a sexualidade é, também, alvo destas políticas punitivas e de contenção, uma vez que é classificada, hierarquizada, cerceada, vigiada e limitada nestes espaços.This paper is part of a research on sexuality and youth held from March 2015 to October 2016, in three Juvenile Detention Centers in Rio de Janeiro, two male and the only female in the state. From the methodological perspective of cartography, during these months we followed several processes in the centers, interviewing youngsters and professionals from different segments of the institution. We present here reflections on the debates that we raised in the field regarding sexuality in the juvenile justice system, seeking to encompass the experiences and perceptions of the youngsters, the agents, the technical staff, the professors and the direction, articulating the devices of gender, social class, generation and race to think about the productions of technologies and mechanisms of control and in the punitive logic that seems to govern the institutional daily life. Bearing in mind the tensions that move (or crystallize) debates about sexuality in these contexts, we propose some reflections on how sexuality is also the target of these punitive and containment policies, since it is classified, hierarchized, monitored and limited in these spaces 
700 1 |a Hernández, Jimena de Garay  |e VerfasserIn  |4 aut 
856 4 0 |u https://core.ac.uk/download/268346624.pdf  |x Verlag  |z kostenfrei  |3 Volltext  |7 0 
935 |a mkri 
951 |a BO 
ELC |a 1 
LOK |0 000 xxxxxcx a22 zn 4500 
LOK |0 001 4394730686 
LOK |0 003 DE-627 
LOK |0 004 1866920626 
LOK |0 005 20231021043632 
LOK |0 008 231021||||||||||||||||ger||||||| 
LOK |0 035   |a (DE-2619)CORE74873792 
LOK |0 040   |a DE-2619  |c DE-627  |d DE-2619 
LOK |0 092   |o n 
LOK |0 852   |a DE-2619 
LOK |0 852 1  |9 00 
LOK |0 935   |a core 
LOK |0 939   |a 21-10-23  |b l01 
OAS |a 1 
ORI |a SA-MARC-krimdoka001.raw